Perspectives in world religions / (Record no. 93840)

MARC details
000 -LEADER
fixed length control field 00547nam a22001937a 4500
005 - DATE AND TIME OF LATEST TRANSACTION
control field 20150710113502.0
010 ## - LCCN (DPL NO)
LC control number ENG-113162
020 ## - INTERNATIONAL STANDARD BOOK NUMBER
Terms of availability 650.00
International Standard Book Number 9788173818752
035 ## - SYSTEM CONTROL NUMBER
System control number EN-96694
037 ## - SOURCE OF ACQUISITION
Source of stock number/acquisition DBAD/PUB
082 ## - DEWEY DECIMAL CLASSIFICATION NUMBER
Classification number 200
100 ## - MAIN ENTRY--PERSONAL NAME
Personal name Ahuja, M. L.
245 ## - TITLE STATEMENT
Title Perspectives in world religions /
Statement of responsibility, etc by M. L. Ahuja
260 ## - PUBLICATION, DISTRIBUTION, ETC. (IMPRINT)
Name of publisher, distributor, etc New Central Book Agency
Date of publication, distribution, etc 2014
Place of publication, distribution, etc Kolkata
270 ## - ADDRESS
City Kolkata
Postal code 700009
Address 8/1Chintamoni Das Lane,
300 ## - PHYSICAL DESCRIPTION
Extent x,441p.
Dimensions 24cm(Hb)
500 ## - GENERAL NOTE
General note Includes index
942 ## - ADDED ENTRY ELEMENTS (KOHA)
Source of classification or shelving scheme Dewey Decimal Classification
Item type English Books
Call number suffix AHU
Classification part 200
Holdings
Withdrawn status Lost status Not for loan Collection code Home library Current library Date acquired Source of acquisition Cost, normal purchase price Full call number Barcode Copy number Cost, replacement price Koha item type
    Not For Loan Non-fiction D.B.Act.Division D.B.Act.Division 21/05/2015 DBAD/PUB 650.00 200 AHU EN-96694 1 650.00 English Books

© Delhi Public Library
Hit Counter
free hit counter